[Event "Palma de Mallorca op 4th"]
[Site "Palma de Mallorca"]
[Date "2009.11.23"]
[Round "4"]
[White "Pons Sastre, Santiago"]
[Black "Sumets, Andrey"]
[Result "0-1"]
[WhiteElo "2380"]
[BlackElo "2604"]
[PlyCount "84"]
[EventDate "2009.11.21"]
[EventType "swiss"]
[EventRounds "9"]
[EventCountry "ESP"]
[SourceTitle "EXT 2011"]
[Source "ChessBase"]
[SourceDate "2010.11.26"]
[SourceVersion "1"]
[SourceVersionDate "2010.11.26"]
[SourceQuality "1"]

1. c4 Nf6 2. Nc3 e6 3. e4 d5 4. e5 d4 5. exf6 dxc3 6. bxc3 Qxf6 7. d4 e5 8. Nf3 exd4 9. Bg5 Qe6+ 10. Be2 Be7 11. Bxe7 d3 12. Qxd3 Qxe7 13. 0-0 0-0 14. Rfe1 Na6 15. Bf1 Be6 16. Nd4 Nc5 17. Qf3 Rae8 18. Qf4 Qd8 19. Rad1 Bd7 20. Re5 Ba4 21. Rde1 Rxe5 22. Rxe5 b6 23. Nf5 Bc2 24. Ne7+ Kh8 25. Nd5 h6 26. Qe3 a5 27. Be2 c6 28. Ne7 Qd6 29. Qd4 Qc7 30. Bh5 Ne6 31. Rxe6 fxe6 32. Ng6+ Bxg6 33. Bxg6 Qf4 34. Qxf4 Rxf4 35. Bd3 Kg8 36. Kf1 Kf8 37. g3 Rf6 38. Be4 e5 39. Ke2 Ke7 40. Ke3 Kd6 41. Bd3 Kc5 42. h4 e4 0-1

[Event "Catalunya-chT Honor"]
[Site "Catalunya"]
[Date "2009.03.29"]
[Round "9"]
[White "Cuadras Avellana, Jordi"]
[Black "Pons Sastre, Santiago"]
[Result "1/2-1/2"]
[WhiteElo "2337"]
[BlackElo "2378"]
[PlyCount "46"]
[EventDate "2009.02.01"]
[EventType "team-tourn"]
[EventRounds "9"]
[EventCountry "ESP"]
[SourceTitle "EXT 2019"]
[Source "ChessBase"]
[SourceDate "2018.10.10"]
[SourceVersion "1"]
[SourceVersionDate "2018.10.10"]
[SourceQuality "1"]
[WhiteTeam "Figueres"]
[BlackTeam "Sant Adria"]
[WhiteTeamCountry "ESP"]
[BlackTeamCountry "ESP"]

1. e4 c5 2. Nf3 Nc6 3. d4 cxd4 4. Nxd4 d5 5. Nxc6 bxc6 6. exd5 Qxd5 7. Qe2 Nf6 8. Nc3 Qe6 9. Qxe6 Bxe6 10. Ba6 Rb8 11. Na4 Bf5 12. c4 e5 13. 0-0 Be7 14. Be3 0-0 15. b3 Ne8 16. Bc5 Bxc5 17. Nxc5 Rb6 18. a4 Nc7 19. a5 Rxa6 20. Rfd1 Bc8 21. Rd6 Ne8 22. Rd8 Nc7 23. Rd6 Ne8 1/2-1/2

[Event "Ciutadella Pons Memorial"]
[Site "Ciutadella"]
[Date "2008.12.29"]
[Round "3"]
[White "Mercadal Benejam, Josep"]
[Black "Pons Sastre, Santiago"]
[Result "1/2-1/2"]
[WhiteElo "2140"]
[BlackElo "2378"]
[PlyCount "33"]
[EventDate "2008.12.27"]
[EventType "tourn"]
[EventRounds "9"]
[EventCountry "ESP"]
[EventCategory "3"]
[SourceTitle "CBM 128 Extra"]
[Source "ChessBase"]
[SourceDate "2009.03.05"]
[SourceVersion "2"]
[SourceVersionDate "2009.03.25"]
[SourceQuality "1"]

1. b3 d5 2. Bb2 Bg4 3. g3 c6 4. Bg2 Nd7 5. f4 h5 6. h3 Bf5 7. Nf3 Ngf6 8. d3 e6 9. e3 Bc5 10. Qe2 Qb6 11. Bd4 0-0-0 12. Nc3 Bxd4 13. exd4 Ne8 14. Na4 Qc7 15. 0-0 Nd6 16. Nc5 Nf8 17. b4 1/2-1/2

[Event "Catalunya-chT DH"]
[Site "Spain"]
[Date "2004.??.??"]
[Round "1"]
[White "Narciso Dublan, Marc"]
[Black "Pons Sastre, Santiago"]
[Result "1/2-1/2"]
[WhiteElo "2517"]
[BlackElo "2372"]
[PlyCount "106"]
[EventDate "2004.??.??"]
[EventType "team"]
[EventRounds "9"]
[EventCountry "ESP"]
[SourceTitle "EXT 2007"]
[Source "ChessBase"]
[SourceDate "2006.11.23"]
[SourceVersion "1"]
[SourceVersionDate "2006.11.23"]
[SourceQuality "1"]

1. d4 e6 2. e4 b6 3. Bd3 Bb7 4. Ne2 d5 5. e5 c5 6. c3 Nc6 7. Nd2 Nge7 8. 0-0 Qc8 9. Nf3 Ba6 10. Nf4 Bxd3 11. Qxd3 c4 12. Qc2 h5 13. g3 Nf5 14. Ng2 Nce7 15. Bg5 Ng6 16. Ne3 Nh6 17. b3 cxb3 18. Qxb3 Be7 19. c4 dxc4 20. Nxc4 Nf5 21. d5 0-0 22. Rfd1 exd5 23. Rxd5 Qe6 24. Rad1 Rac8 25. Nd6 Rc5 26. Rxc5 bxc5 27. Bxe7 Nfxe7 28. Qxe6 fxe6 29. Ng5 Nxe5 30. Nxe6 Rb8 31. Nxc5 Rb2 32. a4 h4 33. Nde4 N7c6 34. Kg2 hxg3 35. hxg3 Rc2 36. Rd5 Ng4 37. Kf3 Nf6 38. Nxf6+ gxf6 39. Ne4 Kf7 40. Rd6 f5 41. Ng5+ Ke7 42. Re6+ Kd7 43. Re1 Ra2 44. Nf7 Nd4+ 45. Kf4 Rxa4 46. Ne5+ Kd6 47. Kg5 Kd5 48. f4 Ra3 49. g4 Rg3 50. Ra1 fxg4 51. Rxa7 Nf3+ 52. Kf5 Nd4+ 53. Kg5 Nf3+ 1/2-1/2

[Event "Calanova 1st"]
[Site "Palma de Mallorca"]
[Date "2002.12.23"]
[Round "11"]
[White "Pons Sastre, Santiago"]
[Black "Llaneza Vega, Patricia"]
[Result "1/2-1/2"]
[WhiteElo "2377"]
[BlackElo "2302"]
[PlyCount "51"]
[EventDate "2002.12.13"]
[EventType "tourn"]
[EventRounds "11"]
[EventCountry "ESP"]
[EventCategory "3"]
[SourceTitle "CBM 091 Extra"]
[Source "ChessBase"]
[SourceDate "2003.01.09"]
[SourceVersion "1"]
[SourceVersionDate "2003.01.09"]
[SourceQuality "1"]

1. d4 Nf6 2. c4 g6 3. Nc3 Bg7 4. e4 d6 5. Nf3 0-0 6. Be2 e5 7. 0-0 Nc6 8. d5 Ne7 9. Bg5 h6 10. Bxf6 Bxf6 11. b4 Bg7 12. c5 f5 13. Nd2 fxe4 14. Ndxe4 Nf5 15. a4 Nd4 16. a5 Rf4 17. Bd3 Bf5 18. f3 Bc8 19. Ne2 Qe7 20. Nxd4 exd4 21. Re1 Qf8 22. cxd6 cxd6 23. Ng3 g5 24. Qa4 Be5 25. a6 Rf7 26. Bb5 1/2-1/2

[Event "Calanova 1st"]
[Site "Palma de Mallorca"]
[Date "2002.12.18"]
[Round "6"]
[White "Pons Sastre, Santiago"]
[Black "Saldano Dayer, Horacio"]
[Result "1/2-1/2"]
[WhiteElo "2377"]
[BlackElo "2418"]
[PlyCount "40"]
[EventDate "2002.12.13"]
[EventType "tourn"]
[EventRounds "11"]
[EventCountry "ESP"]
[EventCategory "3"]
[SourceTitle "CBM 091 Extra"]
[Source "ChessBase"]
[SourceDate "2003.01.09"]
[SourceVersion "1"]
[SourceVersionDate "2003.01.09"]
[SourceQuality "1"]

1. d4 d5 2. c4 c6 3. Nf3 Nf6 4. e3 Bf5 5. cxd5 Nxd5 6. Nc3 e6 7. Bc4 Nd7 8. Qe2 Bg4 9. e4 N5b6 10. Bb3 c5 11. Be3 Bxf3 12. Qxf3 cxd4 13. Bxd4 Bc5 14. Bxe6 0-0 15. Bxc5 Nxc5 16. Bd5 Nxd5 17. exd5 Re8+ 18. Kf1 Qb6 19. g3 Qxb2 20. Kg2 Qa3 1/2-1/2

[Event "Calanova 1st"]
[Site "Palma de Mallorca"]
[Date "2002.12.14"]
[Round "1"]
[White "Gonzalez Menendez, Ivan"]
[Black "Pons Sastre, Santiago"]
[Result "0-1"]
[WhiteElo "2294"]
[BlackElo "2377"]
[PlyCount "82"]
[EventDate "2002.12.13"]
[EventType "tourn"]
[EventRounds "11"]
[EventCountry "ESP"]
[EventCategory "3"]
[SourceTitle "CBM 091 Extra"]
[Source "ChessBase"]
[SourceDate "2003.01.09"]
[SourceVersion "1"]
[SourceVersionDate "2003.01.09"]
[SourceQuality "1"]

1. e4 b6 2. d4 Bb7 3. Nc3 e6 4. a3 Nf6 5. Bd3 c5 6. Nf3 cxd4 7. Nxd4 Nc6 8. Be3 a6 9. 0-0 Qc7 10. Kh1 Bc5 11. Nxc6 Bxe3 12. Na5 bxa5 13. fxe3 Qe5 14. Qf3 0-0 15. Qf4 d6 16. Rf3 Rac8 17. Raf1 Qxf4 18. exf4 Rc7 19. Re3 Rb8 20. h3 Ba8 21. Nd1 Nd7 22. c3 Nc5 23. Bc2 a4 24. Rf2 Nb3 25. Bxb3 axb3 26. Rd2 d5 27. e5 h6 28. Rd4 Kh7 29. Kg1 a5 30. Kf2 Bc6 31. Red3 f5 32. Rd2 Bb5 33. Ke3 g5 34. g4 Rf8 35. Rf2 Rcf7 36. Kf3 fxg4+ 37. Kxg4 Rxf4+ 38. Kg3 Rxf2 39. Nxf2 Rf5 40. a4 Ba6 41. Ng4 Kg6 0-1

[Event "Mallorca-chT"]
[Site "Palma de Mallorca"]
[Date "2002.04.20"]
[Round "10.1"]
[White "Fraga Castro, Jose Carlos"]
[Black "Pons Sastre, Santiago"]
[Result "0-1"]
[WhiteElo "2124"]
[BlackElo "2408"]
[PlyCount "106"]
[EventDate "2002.??.??"]
[EventType "team"]
[EventRounds "10"]
[EventCountry "ESP"]
[SourceTitle "EXT 2003"]
[Source "ChessBase"]
[SourceDate "2002.11.25"]
[SourceVersion "1"]
[SourceVersionDate "2002.11.25"]
[SourceQuality "1"]

1. Nf3 b6 2. g3 Bb7 3. Bg2 e6 4. c4 f5 5. 0-0 Nf6 6. Nc3 Bb4 7. Qc2 0-0 8. d3 Bxc3 9. Qxc3 d6 10. b3 Nbd7 11. Bb2 c5 12. e4 fxe4 13. Ng5 Qe7 14. Nxe4 Nxe4 15. Bxe4 d5 16. cxd5 exd5 17. Bg2 Qf7 18. d4 Rac8 19. Rad1 c4 20. Ba3 Rfe8 21. Rfe1 Nf6 22. Rxe8+ Qxe8 23. Re1 Qg6 24. Re7 Qb1+ 25. Bf1 Ba6 26. Re1 Qxa2 27. bxc4 Bxc4 28. Bh3 Re8 29. Rxe8+ Nxe8 30. Be6+ Kh8 31. Qe3 Qb1+ 32. Bc1 Nf6 33. Qf4 h6 34. Qb8+ Kh7 35. Qf4 Bd3 36. h4 Bg6 37. Kh2 Qe4 38. Qe5 Ng4+ 39. Bxg4 Qxg4 40. Qf4 Qd1 41. f3 Qe2+ 42. Kg1 Bd3 43. h5 a5 44. Qe3 Qf1+ 45. Kh2 b5 46. g4 b4 47. g5 hxg5 48. h6 Qe2+ 49. Qxe2 Bxe2 50. hxg7 Bxf3 51. Bxg5 Kxg7 52. Kg3 Be4 53. Bc1 Kf6 0-1

[Event "Mallorca-chT"]
[Site "Palma de Mallorca"]
[Date "2002.02.23"]
[Round "6.1"]
[White "Pons Sastre, Santiago"]
[Black "Mascaro March, Pedro"]
[Result "1-0"]
[WhiteElo "2408"]
[BlackElo "2358"]
[PlyCount "81"]
[EventDate "2002.??.??"]
[EventType "team"]
[EventRounds "10"]
[EventCountry "ESP"]
[SourceTitle "EXT 2003"]
[Source "ChessBase"]
[SourceDate "2002.11.25"]
[SourceVersion "1"]
[SourceVersionDate "2002.11.25"]
[SourceQuality "1"]

1. d4 Nf6 2. c4 e6 3. Nc3 Bb4 4. g3 c5 5. Nf3 0-0 6. Bg2 d5 7. cxd5 Nxd5 8. Bd2 cxd4 9. Nxd4 Nb6 10. Nc2 Be7 11. Ne3 Nc6 12. 0-0 e5 13. a4 a5 14. Ned5 Be6 15. Be3 Nc4 16. Bc1 Bc5 17. Qd3 Nb6 18. Qb5 Nxd5 19. Qxc5 Ndb4 20. Rd1 Qe7 21. Be3 Qxc5 22. Bxc5 Rfd8 23. Bb6 Rdc8 24. Nb5 Ra6 25. Bc5 h6 26. Rac1 Na2 27. Ra1 Nab4 28. Rd2 Nd8 29. Bd6 Nbc6 30. Rc1 Kh7 31. Bxe5 f6 32. Bf4 g5 33. Be3 Kg6 34. Rd6 Bf5 35. Rc5 Nf7 36. Rd2 Raa8 37. f4 Re8 38. Nc7 Rxe3 39. Nxa8 gxf4 40. gxf4 Ne7 41. Kf2 1-0

[Event "ESP-ch op-A"]
[Site "Cala Mendia"]
[Date "2001.11.25"]
[Round "9"]
[White "Garcia Luque, Agustin"]
[Black "Pons Sastre, Santiago"]
[Result "1-0"]
[WhiteElo "2409"]
[BlackElo "2328"]
[PlyCount "81"]
[EventDate "2001.11.17"]
[EventType "swiss"]
[EventRounds "9"]
[EventCountry "ESP"]
[SourceTitle "CBM 085 Extra"]
[Source "ChessBase"]
[SourceDate "2002.01.21"]
[SourceVersion "1"]
[SourceVersionDate "2002.01.21"]
[SourceQuality "1"]

1. Nf3 d5 2. g3 Nc6 3. d4 Bf5 4. Bg2 e6 5. 0-0 Nf6 6. c4 dxc4 7. Nbd2 Bd6 8. Nxc4 Be4 9. Ncd2 Bg6 10. b3 0-0 11. Bb2 Qe7 12. h3 Rad8 13. Qc1 Rfe8 14. a3 e5 15. dxe5 Nxe5 16. Nh4 Nc6 17. Nxg6 hxg6 18. e3 Ne5 19. Qc2 c6 20. Rfd1 Bc7 21. Ne4 Nxe4 22. Bxe4 Nc4 23. Rxd8 Bxd8 24. Qxc4 Qxe4 25. Qxe4 Rxe4 26. Rd1 Bb6 27. Rd7 Re8 28. Rxb7 Rd8 29. Bd4 c5 30. Be5 Rd3 31. a4 f6 32. Bb8 Rc3 33. Kf1 Kh7 34. h4 Kg8 35. Kg2 Kh7 36. Kf3 Kg8 37. g4 Rd3 38. Ke2 Rc3 39. Kf3 Rd3 40. g5 Rc3 41. h5 1-0

[Event "Mallorca-chT Preferente"]
[Site "Palma de Mallorca"]
[Date "2001.01.13"]
[Round "1.1"]
[White "Hernandez Gallardo, Francisco Javier"]
[Black "Pons Sastre, Santiago"]
[Result "1/2-1/2"]
[WhiteElo "2260"]
[BlackElo "2399"]
[PlyCount "91"]
[EventDate "2001.01.13"]
[EventType "team"]
[EventRounds "14"]
[EventCountry "ESP"]
[SourceTitle "EXT 2002"]
[Source "ChessBase"]
[SourceDate "2001.11.25"]
[SourceVersion "1"]
[SourceVersionDate "2001.11.25"]
[SourceQuality "1"]

1. e4 d5 2. exd5 Nf6 3. Nf3 Nxd5 4. d4 Bg4 5. h3 Bxf3 6. Qxf3 e6 7. c3 Nd7 8. Bc4 c6 9. Nd2 Be7 10. 0-0 0-0 11. Re1 b5 12. Bd3 Qc7 13. Ne4 N7f6 14. Bg5 Rfe8 15. Bxf6 Nxf6 16. a4 bxa4 17. Rxa4 Nd5 18. g3 Reb8 19. b4 g6 20. Ra6 Rb6 21. Rea1 Rxa6 22. Rxa6 Rb8 23. Bc2 Rb6 24. Ra5 Rb5 25. Ra4 Nb6 26. Ra6 Qb7 27. Ra1 Nd7 28. Bd3 Rb6 29. Nd2 Qc7 30. Nc4 Rb8 31. Na5 Rb6 32. Be4 Nb8 33. Nc4 Rb5 34. Ne5 Bd6 35. Nxc6 Nxc6 36. Bxc6 Rf5 37. Qg2 e5 38. d5 Qb6 39. Ra2 Bc7 40. Qe4 Qb8 41. Kg2 Bb6 42. Re2 h5 43. Bd7 Rf6 44. h4 Qc7 45. Bc6 Qd6 46. Bb7 1/2-1/2

[Event "Mallorca op"]
[Site "Mallorca"]
[Date "2000.12.10"]
[Round "9"]
[White "Mascaro March, Pedro"]
[Black "Pons Sastre, Santiago"]
[Result "0-1"]
[WhiteElo "2213"]
[BlackElo "2328"]
[PlyCount "54"]
[EventDate "2000.12.02"]
[EventType "swiss"]
[EventRounds "9"]
[EventCountry "ESP"]
[SourceTitle "CBM 079 Extra"]
[Source "ChessBase"]
[SourceDate "2001.01.11"]
[SourceVersion "2"]
[SourceVersionDate "2001.01.25"]
[SourceQuality "1"]

1. Nf3 d5 2. d4 Nf6 3. c4 e6 4. Nc3 dxc4 5. Bg5 Bb4 6. Qa4+ Nc6 7. a3 Bxc3+ 8. bxc3 Qd5 9. Bxf6 gxf6 10. Nd2 b5 11. Qc2 Bb7 12. e3 f5 13. Qb2 Ne7 14. a4 a6 15. f3 0-0 16. Rb1 Bc6 17. Be2 e5 18. 0-0 exd4 19. e4 dxc3 20. exd5 cxb2 21. dxc6 Nxc6 22. Bxc4 bxc4 23. Nxc4 Rfd8 24. Rxb2 Rd4 25. Rc1 Ne7 26. Ne3 f4 27. Rxc7 fxe3 0-1

[Event "Mallorca op"]
[Site "Mallorca"]
[Date "2000.12.09"]
[Round "8"]
[White "Pons Sastre, Santiago"]
[Black "Serra Olives, Tomas"]
[Result "1/2-1/2"]
[WhiteElo "2328"]
[BlackElo "2196"]
[PlyCount "28"]
[EventDate "2000.12.02"]
[EventType "swiss"]
[EventRounds "9"]
[EventCountry "ESP"]
[SourceTitle "CBM 079 Extra"]
[Source "ChessBase"]
[SourceDate "2001.01.11"]
[SourceVersion "2"]
[SourceVersionDate "2001.01.25"]
[SourceQuality "1"]

1. d4 Nf6 2. Nc3 d5 3. Nf3 Nbd7 4. Bf4 c6 5. e3 e6 6. Bd3 Qb6 7. a3 Nh5 8. 0-0 Nxf4 9. exf4 Bd6 10. g3 Nf6 11. b4 0-0 12. Qe2 a5 13. Na4 Qa7 14. b5 cxb5 1/2-1/2

[Event "ESP-chT"]
[Site "Barcelona"]
[Date "2000.08.12"]
[Round "8"]
[White "Cardenas Valero, Ramon"]
[Black "Pons Sastre, Santiago"]
[Result "1/2-1/2"]
[WhiteElo "2230"]
[BlackElo "2328"]
[PlyCount "85"]
[EventDate "2000.08.05"]
[EventType "team"]
[EventRounds "9"]
[EventCountry "ESP"]
[SourceTitle "CBM 077 Extra"]
[Source "ChessBase"]
[SourceDate "2000.09.14"]
[SourceVersion "1"]
[SourceVersionDate "2000.09.14"]
[SourceQuality "1"]

1. e4 d5 2. e5 c5 3. Bb5+ Bd7 4. Bxd7+ Qxd7 5. f4 Nc6 6. Nf3 e6 7. 0-0 Nge7 8. d3 h5 9. g3 Nf5 10. Nc3 Be7 11. Ne2 d4 12. h3 f6 13. Kh2 0-0-0 14. Bd2 Qc7 15. Qe1 fxe5 16. fxe5 h4 17. g4 Ne3 18. Bxe3 dxe3 19. Qc3 Nxe5 20. Nxe5 Bd6 21. Qc4 Bxe5+ 22. Kg1 Qc6 23. Rf7 g5 24. Raf1 Bg3 25. R1f6 Bf2+ 26. Kh2 Rhe8 27. a3 Rd7 28. Rxd7 Kxd7 29. Rf7+ Re7 30. Rxe7+ Kxe7 31. Qe4 Qxe4 32. dxe4 Kd6 33. Kg2 Ke5 34. Kf3 a6 35. c4 Kd6 36. Nc1 Bg3 37. Nd3 Bf4 38. Ke2 b5 39. b3 bxc4 40. bxc4 Kc6 41. Nxf4 gxf4 42. e5 Kd7 43. a4 1/2-1/2

[Event "ESP-chT Div 2"]
[Site "Cala Galdana"]
[Date "1999.11.15"]
[Round "8"]
[White "Ricardi, Pablo"]
[Black "Pons Sastre, Santiago"]
[Result "1-0"]
[WhiteElo "2474"]
[BlackElo "2330"]
[PlyCount "47"]
[EventDate "1999.11.08"]
[EventType "team"]
[EventRounds "9"]
[EventCountry "ESP"]
[SourceTitle "CBM 073 Extra"]
[Source "ChessBase"]
[SourceDate "2000.01.11"]
[SourceVersion "1"]
[SourceVersionDate "2000.01.11"]
[SourceQuality "1"]

1. e4 d5 2. exd5 Nf6 3. d4 Nxd5 4. Nf3 Bg4 5. Be2 e6 6. 0-0 Be7 7. h3 Bh5 8. c4 Nb6 9. Nc3 0-0 10. Ne5 Bxe2 11. Qxe2 Qe8 12. Bf4 Nc6 13. Rad1 Bd6 14. Rfe1 Bxe5 15. dxe5 Ne7 16. Ne4 Qc6 17. Bg5 Ng6 18. Qh5 Rfe8 19. b3 Nc8 20. Rd4 Nce7 21. Bxe7 Nxe7 22. Ng5 h6 23. Qxf7+ Kh8 24. Nxe6 1-0

[Event "ESP-chT"]
[Site "Cala Galdana"]
[Date "1994.??.??"]
[Round "7"]
[White "Pons Sastre, Santiago"]
[Black "Palacios Perez, Manuel"]
[Result "1-0"]
[WhiteElo "2305"]
[BlackElo "2185"]
[PlyCount "111"]
[EventDate "1994.??.??"]
[EventType "team"]
[EventRounds "9"]
[EventCountry "ESP"]
[SourceTitle "EXT 1998"]
[Source "ChessBase"]
[SourceDate "1997.11.17"]
[SourceVersion "1"]
[SourceVersionDate "1997.11.17"]
[SourceQuality "1"]

1. d4 Nf6 2. Nf3 g6 3. c4 Bg7 4. Nc3 0-0 5. e4 d6 6. Be2 e5 7. 0-0 Na6 8. Bg5 h6 9. Bh4 Qe8 10. d5 Nh5 11. Nd2 Nf4 12. Rb1 f5 13. f3 Bf6 14. Bxf6 Rxf6 15. b4 Bd7 16. Rf2 h5 17. Bf1 h4 18. a3 Qe7 19. Nb3 Raf8 20. Na5 Bc8 21. Qe1 R6f7 22. Kh1 Nh5 23. Bd3 Nb8 24. Qe3 h3 25. exf5 gxf5 26. gxh3 Nf4 27. Ne2 Nxh3 28. Rg2+ Kh8 29. f4 Rh7 30. Rf1 exf4 31. Qxe7 Rxe7 32. Nxf4 Nxf4 33. Rxf4 Re1+ 34. Rg1 Rxg1+ 35. Kxg1 b6 36. Nb3 c5 37. bxc5 bxc5 38. Nd2 Kg7 39. Nf3 Kf6 40. Kf2 Rg8 41. Rh4 Kg7 42. Ke3 Rf8 43. Kf4 Nd7 44. Rh3 Nb6 45. Ng5 Kg6 46. Re3 Rh8 47. Nf3 Rh3 48. Re7 a5 49. Rc7 Rh8 50. Rc6 Na4 51. Rxc8 Rxc8 52. Bxf5+ Kf6 53. Bxc8 Nb2 54. Nd2 Nd1 55. Bf5 Nb2 56. Bc2 1-0

[Event "ESP-chT"]
[Site "Cala Galdana"]
[Date "1994.??.??"]
[Round "?"]
[White "Pons Sastre, Santiago"]
[Black "Suba, Mihai"]
[Result "1-0"]
[WhiteElo "2305"]
[BlackElo "2525"]
[PlyCount "115"]
[EventDate "1994.??.??"]
[EventType "team"]
[EventRounds "9"]
[EventCountry "ESP"]
[SourceTitle "EXT 1997"]
[Source "ChessBase"]
[SourceDate "1996.11.15"]
[SourceVersion "1"]
[SourceVersionDate "1996.11.15"]
[SourceQuality "1"]

1. d4 Nf6 2. Nf3 e6 3. c4 c5 4. d5 d6 5. Nc3 exd5 6. cxd5 g6 7. g3 Bg7 8. Bg2 0-0 9. 0-0 Na6 10. Nd2 Nc7 11. Nc4 Nfe8 12. e4 b6 13. a4 Ba6 14. Qb3 Qd7 15. f4 Bxc4 16. Qxc4 a6 17. Qe2 Rb8 18. e5 b5 19. axb5 axb5 20. Ra7 Kh8 21. Be3 dxe5 22. fxe5 b4 23. Na4 Bxe5 24. Bxc5 Bd6 25. Bd4+ Kg8 26. Nb6 Qb5 27. Qf2 b3 28. Rc1 Rxb6 29. Bxb6 Nxd5 30. Bd4 Ne7 31. g4 Qg5 32. Re1 Nc8 33. Rb7 Nc7 34. h4 Qf4 35. Qxf4 Bxf4 36. Be5 Bxe5 37. Rxe5 Ne6 38. Bd5 Nd6 39. Rd7 Ne8 40. Bxe6 fxe6 41. Rxe6 Nf6 42. Rd4 Rf7 43. Rb6 Kg7 44. Rxb3 h5 45. g5 Ng4 46. Re4 Rd7 47. Rf3 Rd2 48. b4 Rb2 49. Rff4 Rb1+ 50. Kg2 Rb2+ 51. Kg3 Rb3+ 52. Rf3 Rb1 53. Re7+ Kg8 54. Rb7 Rg1+ 55. Kf4 Rc1 56. Ke4 Re1+ 57. Kd4 Rd1+ 58. Rd3 1-0

[Event "ESP-chT"]
[Site "Cala Galdana"]
[Date "1994.??.??"]
[Round "?"]
[White "Pons Sastre, Santiago"]
[Black "Toledano Llinares, Juan Antonio"]
[Result "1/2-1/2"]
[WhiteElo "2305"]
[BlackElo "2380"]
[PlyCount "126"]
[EventDate "1994.??.??"]
[EventType "team"]
[EventRounds "9"]
[EventCountry "ESP"]
[SourceTitle "EXT 1997"]
[Source "ChessBase"]
[SourceDate "1996.11.15"]
[SourceVersion "1"]
[SourceVersionDate "1996.11.15"]
[SourceQuality "1"]

1. d4 d5 2. c4 Nf6 3. cxd5 Nxd5 4. e4 Nf6 5. Nc3 e5 6. Nf3 exd4 7. Qxd4 Qxd4 8. Nxd4 Bb4 9. f3 c6 10. Be2 0-0 11. 0-0 Re8 12. Bg5 Nbd7 13. Rfd1 h6 14. Bh4 Nh5 15. Rac1 Nf4 16. Bf1 Ne5 17. Na4 g5 18. Bg3 Rd8 19. Ne2 Be6 20. Nxf4 gxf4 21. Bxf4 Ng6 22. Bxh6 Bxa2 23. Rxd8+ Rxd8 24. Nc5 Bxc5+ 25. Rxc5 Rd1 26. Kf2 Rb1 27. Bc1 f6 28. Bd3 Ra1 29. Be3 Ne5 30. Be2 Be6 31. Rc2 a5 32. Bd4 Rb1 33. f4 Nd7 34. g4 Bb3 35. Rc3 a4 36. Bc4+ Bxc4 37. Rxc4 c5 38. Bxc5 Rxb2+ 39. Ke3 b5 40. Bd4 Nb6 41. Rc8+ Nxc8 42. Bxb2 b4 43. Bxf6 a3 44. Kd3 b3 45. Kc3 b2 46. Kc2 Kf7 47. Bxb2 axb2 48. Kxb2 Nd6 49. e5 Ne4 50. f5 Nf2 51. e6+ Ke7 52. g5 Nh3 53. g6 Kf6 54. Kc3 Nf2 55. Kd4 Ng4 56. g7 Kxg7 57. h3 Nf6 58. Ke5 Ng8 59. h4 Nf6 60. Kd6 Ng8 61. Ke5 Nf6 62. Kf4 Kh6 63. Ke5 Kg7 1/2-1/2

[Event "ESP-chT"]
[Site "Cala Galdana"]
[Date "1994.??.??"]
[Round "?"]
[White "Romero Holmes, Alfonso"]
[Black "Pons Sastre, Santiago"]
[Result "1/2-1/2"]
[WhiteElo "2455"]
[BlackElo "2305"]
[PlyCount "40"]
[EventDate "1994.??.??"]
[EventType "team"]
[EventRounds "9"]
[EventCountry "ESP"]
[SourceTitle "EXT 1997"]
[Source "ChessBase"]
[SourceDate "1996.11.15"]
[SourceVersion "1"]
[SourceVersionDate "1996.11.15"]
[SourceQuality "1"]

1. e4 e6 2. d4 d5 3. Nc3 dxe4 4. Nxe4 Bd7 5. Nf3 Bc6 6. Neg5 Nd7 7. Bd3 Ngf6 8. Qe2 Bxf3 9. Nxf3 Be7 10. 0-0 0-0 11. c3 c6 12. Bf4 Re8 13. Rad1 a5 14. c4 a4 15. a3 Bf8 16. Ne5 g6 17. Bg5 Qc7 18. Bc2 Bg7 19. f4 c5 20. dxc5 Nxc5 1/2-1/2